<?xml version="1.0" encoding="UTF-8"?>
<record
    xmlns:xsi="http://www.w3.org/2001/XMLSchema-instance"
    xsi:schemaLocation="http://www.loc.gov/MARC21/slim http://www.loc.gov/standards/marcxml/schema/MARC21slim.xsd"
    xmlns="http://www.loc.gov/MARC21/slim">

  <leader>     nam a22     7a 4500</leader>
  <datafield tag="999" ind1=" " ind2=" ">
    <subfield code="c">56560</subfield>
    <subfield code="d">56560</subfield>
  </datafield>
  <controlfield tag="003">OSt</controlfield>
  <controlfield tag="005">20230510084830.0</controlfield>
  <controlfield tag="008">230510b        xxu||||| |||| 00| 0 eng d</controlfield>
  <datafield tag="040" ind1=" " ind2=" ">
    <subfield code="c">IIMTU , MEERUT</subfield>
  </datafield>
  <datafield tag="100" ind1=" " ind2=" ">
    <subfield code="a">VAIDYANATH</subfield>
  </datafield>
  <datafield tag="245" ind1=" " ind2=" ">
    <subfield code="a">AYURVEDA SAR SANGRAHA</subfield>
  </datafield>
  <datafield tag="250" ind1=" " ind2=" ">
    <subfield code="a">1 ST</subfield>
  </datafield>
  <datafield tag="260" ind1=" " ind2=" ">
    <subfield code="a">ALLAHABAD</subfield>
    <subfield code="b">SHRI VADYANATH</subfield>
    <subfield code="c">2023</subfield>
  </datafield>
  <datafield tag="300" ind1=" " ind2=" ">
    <subfield code="a">832</subfield>
  </datafield>
  <datafield tag="942" ind1=" " ind2=" ">
    <subfield code="2">ddc</subfield>
    <subfield code="c">01</subfield>
  </datafield>
  <datafield tag="952" ind1=" " ind2=" ">
    <subfield code="0">0</subfield>
    <subfield code="1">0</subfield>
    <subfield code="2">ddc</subfield>
    <subfield code="4">0</subfield>
    <subfield code="7">0</subfield>
    <subfield code="a">30</subfield>
    <subfield code="b">30</subfield>
    <subfield code="d">2023-05-04</subfield>
    <subfield code="e">CHAUKHAMBA</subfield>
    <subfield code="g">475.00</subfield>
    <subfield code="i">CP/B/145</subfield>
    <subfield code="l">0</subfield>
    <subfield code="o">618.1 VAI</subfield>
    <subfield code="p">30-B-5477</subfield>
    <subfield code="r">2023-05-10</subfield>
    <subfield code="v">475.00</subfield>
    <subfield code="w">2023-05-10</subfield>
    <subfield code="y">01</subfield>
  </datafield>
  <datafield tag="952" ind1=" " ind2=" ">
    <subfield code="0">0</subfield>
    <subfield code="1">0</subfield>
    <subfield code="2">ddc</subfield>
    <subfield code="4">0</subfield>
    <subfield code="7">0</subfield>
    <subfield code="a">30</subfield>
    <subfield code="b">30</subfield>
    <subfield code="d">2023-05-04</subfield>
    <subfield code="e">CHAUKHAMBA</subfield>
    <subfield code="g">475.00</subfield>
    <subfield code="i">CP/B/145</subfield>
    <subfield code="l">3</subfield>
    <subfield code="o">618.1 VAI</subfield>
    <subfield code="p">30-B-5478</subfield>
    <subfield code="q">2026-07-31</subfield>
    <subfield code="r">2026-02-24</subfield>
    <subfield code="s">2026-02-24</subfield>
    <subfield code="v">475.00</subfield>
    <subfield code="w">2023-05-10</subfield>
    <subfield code="y">01</subfield>
  </datafield>
  <datafield tag="952" ind1=" " ind2=" ">
    <subfield code="0">0</subfield>
    <subfield code="1">0</subfield>
    <subfield code="2">ddc</subfield>
    <subfield code="4">0</subfield>
    <subfield code="7">0</subfield>
    <subfield code="a">30</subfield>
    <subfield code="b">30</subfield>
    <subfield code="d">2023-05-04</subfield>
    <subfield code="e">CHAUKHAMBA</subfield>
    <subfield code="g">475.00</subfield>
    <subfield code="i">CP/B/145</subfield>
    <subfield code="l">0</subfield>
    <subfield code="o">618.1 VAI</subfield>
    <subfield code="p">30-B-5479</subfield>
    <subfield code="r">2023-05-10</subfield>
    <subfield code="v">475.00</subfield>
    <subfield code="w">2023-05-10</subfield>
    <subfield code="y">01</subfield>
  </datafield>
</record>
